Právne aspekty autonómnej mobility v SR a vo svete bakalárska práca

Salvato in:
Dettagli Bibliografici
Autore principale: Janko, Tobiáš
Enti autori: Ekonomická univerzita v Bratislave. Národohospodárska fakulta, Univerzita Komenského v Bratislave. Právnická fakulta
Altri autori: Hodás, Milan
Natura: Libro
Lingua:slovacco
Pubblicazione: Bratislava 2024
Tags: Aggiungi Tag
Nessun Tag, puoi essere il primo ad aggiungerne!!

MARC

LEADER 00000nbm a2200000 4500
001 0303021
005 20250611093105.0
041 0 |a slo 
044 |a SK 
245 1 0 |a Právne aspekty autonómnej mobility v SR a vo svete  |b bakalárska práca  |c Tobiáš Janko ; školiteľ: Milan Hodás 
264 1 |a Bratislava  |c 2024 
300 |a 47 s. 
100 1 |a Janko, Tobiáš 
700 1 |a Hodás, Milan 
710 2 |a Ekonomická univerzita v Bratislave. Národohospodárska fakulta 
710 2 |a Univerzita Komenského v Bratislave. Právnická fakulta